000 00711nam a2200181Ia 4500
008 090630s9999 xx 000 0 und d
082 _b17543
100 _aतांदळे ज्ञानेश्वर.
245 _aसार्थ आत्माराम.
_cतांदळे ज्ञानेश्वर.
260 _bअंजली पब्लिशिंग पुणे.
300 _a0
600 _aतांदळे ज्ञानेश्वर.
630 _aसार्थ आत्माराम.
655 _aधार्मिक.
700 _aतांदळे ज्ञानेश्वर.
730 _aसार्थ आत्माराम.
942 _cBOOK
999 _c269399
_d269399